| 000 | 00481nam a2200193Ia 4500 | ||
|---|---|---|---|
| 005 | 20240823031113.0 | ||
| 008 | 240823s9999||||xx |||||||||||||| ||und|| | ||
| 020 | _a978-0-07-068197-2 | ||
| 041 | _aENGLISH | ||
| 082 | _A347.7 Q1 | ||
| 100 | _aAkhileshwar Pathak | ||
| 245 | 0 | _aLegal Aspects of Business | |
| 250 | _a4th | ||
| 260 |
_c2011 _bMcGraw - Hill Higher Educ _aNew York |
||
| 500 | _aYES | ||
| 650 |
_aBusiness _bManagement Studies |
||
| 942 | _cBK | ||
| 999 |
_c190276 _d190276 |
||